000 00317nam a2200121Ia 4500
008 190216s9999||||xx |||||||||||||| ||und||
100 _a"Keith Yorston R, Bryan Smyth E
 Brown Sr"
245 0 _aAdvanced Accounting
260 _bNm Thripathi Pvt Ltd
_c1968
300 _a561p
650 _aAccounting
942 _cBK
999 _c3960
_d3960